Party in the USSR Quiz Stats

 Plays Quiz Updated Mar 4, 2018

Also try: Rulers of Russia
Challenge
Share
Tweet
Embed
Score 0/15 Timer 03:00
7 Plays Today
% Correct
Moscow
95.3%
Kyiv
93%
Minsk
91.6%
Riga
85%
Tallinn
80.2%
Tbilisi
79.4%
Bishkek
79.3%
Vilnius
78.8%
% Correct
Baku
76.9%
Astana
73.3%
Tashkent
72.8%
Ashgabat
69.2%
Chisinau
67%
Yerevan
63.7%
Dushanbe
59.7%

You're not logged in!

Compare scores with friends on all Sporcle quizzes.
Join for Free
OR
Log In

You Might Also Like...

Show Comments

Extras

Top Quizzes Today


Score Distribution

Your Account Isn't Verified!

In order to create a playlist on Sporcle, you need to verify the email address you used during registration. Go to your Sporcle Settings to finish the process.

Report this User

Report this user for behavior that violates our Community Guidelines.

Details: